Countries with embassies and consulates in Guatemala - Statistics

General Stats
  • This quiz has been taken 32 times
  • The average score is 32 of 35
Answer Stats
Continent Country % Correct
South America Argentina
100%
North America Canada
100%
North America Cuba
100%
Asia/ Europe Russia
100%
North America United States of America
100%
South America Venezuela
100%
North America Belize
96%
South America Brazil
96%
South America Colombia
96%
North America Costa Rica
96%
South America Ecuador
96%
North America El Salvador
96%
North America Honduras
96%
North America Mexico
96%
South America Chile
93%
Europe France
93%
Europe Germany
93%
Europe Italy
93%
North America Nicaragua
93%
North America Panama
93%
South America Peru
93%
Europe Spain
93%
North America Dominican Republic
89%
Asia India
89%
Asia Japan
89%
Europe United Kingdom
89%
Europe Austria
86%
Asia Israel
86%
Asia South Korea
79%
Asia/ Europe Turkey
79%
Europe Sweden
75%
Europe Switzerland
75%
Asia Taiwan
75%
Europe Vatican City
75%
Africa Morocco
68%
No matching quizzes found
Score Distribution
Percent of People with Each Score
Percentile by Number Answered
Your Score History
You have not taken this quiz